Divertimento
Obra en la que se mezcla la pintura, los fantasmas, misterios. La historia transcurre en un punto de encuentro entre varios amigos, llamado “Vive como Puedas”, en el que intentan descubrir un misterio de la pintura de Renato Lozano (pintor surrealista).
Spremljeno u:
| Glavni autor: | |
|---|---|
| Format: | Knjiga |
| Jezik: | Undetermined |
| Izdano: |
Buenos Aires, Argentina
Editorial Sudamericana
1995
|
| Teme: | |
| Oznake: |
Dodaj oznaku
Bez oznaka, Budi prvi tko označuje ovaj zapis!
|
MARC
| LEADER | 00000nam a2200000Ia 4500 | ||
|---|---|---|---|
| 008 | 170316s9999 xx 000 0 und d | ||
| 040 | |a cru BVZT | ||
| 090 | |a 860 C-43di | ||
| 100 | |a Cortázar, Julio |9 1364 | ||
| 245 | |a Divertimento | ||
| 260 | |a Buenos Aires, Argentina | ||
| 260 | |b Editorial Sudamericana | ||
| 260 | |c 1995 | ||
| 300 | |a 126 páginas | ||
| 520 | |a Obra en la que se mezcla la pintura, los fantasmas, misterios. La historia transcurre en un punto de encuentro entre varios amigos, llamado “Vive como Puedas”, en el que intentan descubrir un misterio de la pintura de Renato Lozano (pintor surrealista). | ||
| 650 | |a LITERATURA LATINOAMERICANA |9 15 | ||
| 650 | |a CUENTOS |9 271 | ||
| 999 | |c 8540 |d 8540 | ||
| 942 | |c 15 D |h 860 C-43di |2 z | ||
